Entry Personal Name
Number of records used in: 4
001 - CONTROL NUMBER
003 - CONTROL NUMBER IDENTIFIER
005 - DATE AND TIME OF LATEST TRANSACTION
- control field:
20231215112605.0
008 - FIXED-LENGTH DATA ELEMENTS
- fixed length control field:
841127n| azannaabn |a aaa
010 ## - LIBRARY OF CONGRESS CONTROL NUMBER
- LC control number:
n 84174559
035 ## - SYSTEM CONTROL NUMBER
- System control number:
(OCoLC)oca01227572
035 ## - SYSTEM CONTROL NUMBER
- System control number:
(CaEvSKY)skya2290581
040 ## - CATALOGING SOURCE
- Original cataloging agency:
DLC
- Language of cataloging:
eng
- Description conventions:
rda
- Transcribing agency:
DLC
- Modifying agency:
DLC
- Modifying agency:
OCoLC
- Modifying agency:
MX-SlUA
046 ## - SPECIAL CODED DATES
- Birth date:
1933
- Death date:
1982
- Source of date scheme:
edtf
100 1# - HEADING--PERSONAL NAME
- Personal name:
Sakurai, J. J.
- Fuller form of name:
(Jun John),
- Dates associated with a name:
1933-1982
373 ## - ASSOCIATED GROUP
- Associated group:
University of California, Los Angeles
- Source of term:
naf
375 ## - GENDER
- Gender:
Males
- Source of term:
lcdgt
377 ## - ASSOCIATED LANGUAGE
400 1# - SEE FROM TRACING--PERSONAL NAME
- Control subfield:
nnaa
- Personal name:
Sakurai, Jun John,
- Dates associated with a name:
1933-
400 1# - SEE FROM TRACING--PERSONAL NAME
- Personal name:
Sakurai, Jun John,
- Dates associated with a name:
1933-1982
670 ## - SOURCE DATA FOUND
- Source citation:
His Modern quantum mechanics, c1985:
- Information found:
CIP t.p. (J.J. Sakurai; U. Calif., L.A.) data sheet (b. 1933, d. 1982)
670 ## - SOURCE DATA FOUND
- Source citation:
LC data base, 11-20-84
- Information found:
(hdg.: Sakurai, Jun John, 1933- ; usage: J.J. Sakurai)
670 ## - SOURCE DATA FOUND
- Source citation:
Modern quantum mechanics, 2017:
- Information found:
title page (J. J. Sakurai ; Deseased)